000 00539nam a22002177a 4500
999 _c4295
_d4295
001 4295
003 BD-JhCC
005 20171125203425.0
008 171125s1961 -uka|||| |||| 000 0 eng d
035 _a(BD-JhCC)4295
040 _aBD-JhCC
_dBD-JhCC
041 _aeng
082 _a920
_bDRI 1961
100 _aDrinkwater, Jhon
245 _aAbraham Lincoln /
_cJhon Drinkwater
260 _aLondon :
_bOxford University Prss,
_c1961 .
300 _a71 p. :
_bill. :
_c18 cm.
650 _aBiography
942 _2ddc
_cBK